| 000 | 00955cab a2200277 4500 | ||
|---|---|---|---|
| 001 | ABS54935 | ||
| 008 | 090401t1996 xxu||||| |||| 00| 0 eng d | ||
| 035 | _a(Sirsi) u13218 | ||
| 041 | _aeng | ||
| 100 | _aBurberry, P. | ||
| 245 | _aEnergy - why we must act now | ||
| 260 | _c1996 | ||
| 350 | _a0 | ||
| 490 |
_aArchitects` Journal _v203(14) 11 April 1996, 22-23(2) |
||
| 520 | _aAnalyses the DoE report, "Indicators of sustainable development for the UK", focusing on built environment issues such as temperature control, new buildings and how a reduction in energy consumption is to be achieved via regulations, advice and moral incentives. | ||
| 650 |
_aBUILDING REGULATIONS _96224 |
||
| 650 | _aENERGY EFFICIENCY | ||
| 650 | _aENERGY SAVINGS | ||
| 650 |
_aENERGY _96237 |
||
| 650 | _aEXISTING BUILDINGS | ||
| 650 | _aNEW BUILDINGS | ||
| 650 | _aSUSTAINABLE DEVELOPMENT | ||
| 690 |
_aENERGY _96237 |
||
| 942 | _n0 | ||
| 948 | _c04/03/1997 | ||
| 999 |
_c8510 _d8510 |
||